01987njm a2200349Ia 450000100060000000300090000600500170001500800410003204000130007304000130008610000110009910000180011010000380012824500230016625000110018926000110020026000320021130000100024330000290025350000450028250504150032765000550074270000580079770000950085570001050095070001460105570000750120170000720127670000960134870000910144470001020153524179IT-RoPAU20220918181112.0131025s9999 xx 000 0 und d aIT-RoPAU cIT-RoPAU aAA.VV. eAutore musica gCodice autore musica SPICS: 12000 aChristmas Classics a1a ed. aITALIA bPOLYDORc1979 [1a Ed.:1979] aDISCO c48 minuti (Testo: pag.) aMusica natalizia. Arrangiamento. Natale. aAve verum corpus (6:00) - Der Winter Largo From Four Season (4:00) - Ich Steh' An Deiner Krippen Hier [(59. Choral) (5:00)] - Largo [(Aus Dem Weihnachtskonzert Von Francesco Manfredini) (3:00)] - Ins Ist Ein Kindlein Heut' Geboren (4:00) - Adagio [(Aus Dem Violinkonzert n. 1 g moll) (5:00)] - Largo [(Aus Xerxes) (5:00)] - Christmas concerto [(concerto grosso) (14:00)] - Also Hat Gott Die Welt Geliert (6:00) aARRANGIAMENTO [DISCHI]eCodice MATERIA SPICS: 9950 aLast JameseIntepretegCodice interprete SPICS: 10976 aMozart Wolfgang AmadeusgCodice autore musica SPICS: 3486eAutore musicapAve verum corpus aVivaldi AntoniogCodice autore musica SPICS: 11195eAutore musicapDer Winter Largo From Four Season aBach Johann SebastiangCodice autore musica SPICS: 9695eAutore musicapIch Steh' An Deiner Krippen Hier - Ins Ist Ein Kindlein Heut' Geboren aManfredi NinogCodice autore musica SPICS: 11556eAutore musicapLargo aBruch MaxgCodice autore musica SPICS: 14460eAutore musicapAdagio aHandel Georg FriedrichgCodice autore musica SPICS: 5619eAutore musicapLargo (Aus Xerxes) aCorelli ArcangelogCodice autore musica SPICS: 7993eAutore musicapChristmas concerto aSchutz HeinrichgCodice autore musica SPICS: 10118eAutore musicapAlso Hat Gott Die Welt Geliert